| 000 | 00000nam##2200000za#4500 |
| 001 | 9.639527 |
| 003 | CaOODSP |
| 005 | 20210624222219 |
| 007 | cr ||||||||||| |
| 008 | 150407|1989||||xxc|||||o f|0| 0 fre|d |
| 040 | |aCaOODSP|bfre |
| 043 | |an-cn--- |
| 086 | 1 |aH46-2/90-156F-PDF |
| 110 | 1 |aCanada.|bSanté Canada. |bDirection générale de la protection de la santé. |
| 245 | 10|aDirectives d'exposition concernant la qualité de l'air des résidences : |h[ressource électronique]|brapport du Comité consultatif fédéral-provincial de l'hygiène du milieu et du travail |
| 250 | |aRévisé |
| 260 | |aOttawa - Ontario : |bSanté Canada. |cJuillet 1989. |
| 300 | |a31p.|bglossaire, tableaux |
| 500 | |a«Avril 1987 (Révisé en juillet 1989)»--p.2 de 31. Le n° de catalogue (H46-2/90-156F) et l'ISBN (0-662-96146-3) de l'édition imprimée ont été incorrectement copiés dans cette édition électronique. |
| 590 | |a12-12-Supp|b2012-03-28 |
| 691 | 07|aQualité de l'air|2gcpds |
| 775 | 08|tExposure guidelines for residential indoor air quality : |w(CaOODSP)9.695388 |
| 856 | 40|ahttp://publications.gc.ca|qPDF|s177 Ko|uhttps://publications.gc.ca/collections/Collection/H46-2-90-156F.pdf |
| 986 | |aDHM-RT-156 |